AU LIBRARIES
Centralized Library System Across Seven Campuses

Allah Main Hazir Hoon (Record no. 47492)

MARC details
000 -LEADER
fixed length control field 00398nam a2200157 4500
005 - DATE AND TIME OF LATEST TRANSACTION
control field 20260504124214.0
008 - FIXED-LENGTH DATA ELEMENTS--GENERAL INFORMATION
fixed length control field 260504b |||||||| |||| 00| 0 eng d
020 ## - INTERNATIONAL STANDARD BOOK NUMBER
ISBN 978969
082 ## - DEWEY DECIMAL CLASSIFICATION NUMBER
Classification number 297
Author Mark IQR-A
100 ## - MAIN ENTRY--AUTHOR
Author Name Iqrar Hussain Sheikh
245 ## - TITLE STATEMENT
Title Allah Main Hazir Hoon
260 ## - PUBLICATION, DISTRIBUTION, ETC.
Place of Publication Rawalpindi Pakistan
Name of publisher, distributor, etc. Faiz Ul Islam Printing Press
300 ## - PHYSICAL DESCRIPTION
Pages 176p
650 ## - SUBJECT ADDED ENTRY--TOPICAL TERM
Subject / Department English
942 ## - ADDED ENTRY ELEMENTS (KOHA)
Koha item type Book
Holdings
Withdrawn status Lost status Damaged status Not for loan Collection code Permanent Location Current Location Shelving Location Date acquired Source of acquisition Inventory number Total Checkouts Full Call Number Accession No./Barcode Date last seen Koha item type
        English Air University H-11 Campus Islamabad Air University H-11 Campus Islamabad English Literature 05/04/2026 Ali Book Services 1000   297 IQR-A AUHEP0129 05/04/2026 Book
Air University Sector E-9, Islamabad Pakistan
Email: librarian@au.edu.pk  Tel : +0092 51 9262612 Ext: 631